[Event "67th ch-RUS HL w 2017"]
[Site "Sochi RUS"]
[Date "2017.07.06"]
[Round "5.16"]
[White "Potapova, Margarita"]
[Black "Grigorian, Marine"]
[Result "1-0"]
[WhiteTitle "WFM"]
[BlackTitle "WFM"]
[WhiteElo "2203"]
[BlackElo "2181"]
[WhiteFideId "14126869"]
[BlackFideId "4124260"]
[EventDate "2017.07.02"]

1. d4 d5 2. c4 c6 3. cxd5 cxd5 4. Nc3 Nf6 5. Bf4 Nc6 6. e3 Bf5 7. Qb3 Na5 8.
Qa4+ Bd7 9. Qc2 e6 10. Nf3 Nc6 11. a3 Rc8 12. Bd3 Be7 13. O-O O-O 14. Rfc1 a6
15. b4 Na7 16. Qd1 Nh5 17. Be5 f6 18. Ng5 fxe5 19. Qxh5 h6 20. Nh7 Rf5 21. Bxf5
exf5 22. Nxd5 Kxh7 23. Qf7 Bd6 24. Rxc8 Bxc8 25. dxe5 Bxe5 26. Rd1 Nc6 27. h4
Qg8 28. Qh5 Be6 29. Qf3 Qf7 30. h5 Bb8 31. Nf4 Bxf4 32. exf4 Qf6 33. Rd6 Qa1+
34. Kh2 Qa2 35. Qg3 Ne7 36. Qe3 Bf7 37. Qxe7 Bxh5 38. Rd7 Qb2 39. Qe5 1-0

[Event "67th ch-RUS HL w 2017"]
[Site "Sochi RUS"]
[Date "2017.07.06"]
[Round "5.17"]
[White "Faizutdinova, Diana"]
[Black "Khokhlova, Daria"]
[Result "0-1"]
[WhiteElo "2041"]
[BlackElo "2237"]
[WhiteFideId "24143731"]
[BlackFideId "24182729"]
[EventDate "2017.07.02"]

1. c4 g6 2. Nc3 Bg7 3. g3 Nf6 4. Bg2 O-O 5. e3 d6 6. Nge2 c6 7. O-O Re8 8. d4
Qc7 9. b3 e5 10. Bb2 e4 11. Rc1 Bg4 12. h3 Bf3 13. Bxf3 exf3 14. Nf4 g5 15. Nd3
Qc8 16. Qxf3 Qxh3 17. d5 Ng4 18. Qg2 Qh6 19. dxc6 bxc6 20. Rfd1 a5 21. Qh1 Qxh1+
22. Kxh1 Nd7 23. Kg2 f5 24. Rd2 Ndf6 25. Ba3 c5 26. Ne1 Rad8 27. Nf3 h6 28. Nh2
Nxh2 29. Kxh2 Ng4+ 30. Kg2 Bxc3 31. Rxc3 Nf6 32. Rcd3 Ne4 33. Rd1 g4 34. Rh1 Re6
35. Rh5 Rf8 36. Rd5 Nf6 37. Rxh6 Kg7 38. Rh4 Nxd5 39. cxd5 Rh6 40. Bb2+ Kg6 41.
Rxh6+ Kxh6 42. Bc3 Ra8 43. a4 Kg6 44. Kf1 Kf7 45. Ke2 Rb8 46. Bxa5 Rxb3 47. Bc7
Ke7 48. a5 Kd7 49. Bb6 Rb2+ 50. Ke1 c4 51. Kd1 Rxf2 52. e4 Rf3 53. exf5 Rxf5 54.
a6 Rxd5+ 55. Kc2 Kc6 56. a7 Kb7 57. Kc3 Rd3+ 58. Kxc4 Rxg3 59. Kd5 Ra3 60. Bg1
g3 61. Kxd6 g2 62. Ke5 Ra1 0-1

[Event "67th ch-RUS HL w 2017"]
[Site "Sochi RUS"]
[Date "2017.07.06"]
[Round "5.18"]
[White "Ustich, Ekaterina"]
[Black "Sakorenko, Adriana"]
[Result "0-1"]
[BlackTitle "WFM"]
[WhiteElo "2022"]
[BlackElo "2116"]
[WhiteFideId "24179221"]
[BlackFideId "34130249"]
[EventDate "2017.07.02"]

1. d4 f5 2. Nf3 Nf6 3. c4 g6 4. Nc3 Bg7 5. Bf4 d6 6. Qd2 O-O 7. Bh6 Qe8 8. Bxg7
Kxg7 9. d5 h6 10. O-O-O e5 11. dxe6 Bxe6 12. e3 Qf7 13. b3 Nc6 14. Bd3 Rad8 15.
e4 fxe4 16. Nxe4 d5 17. cxd5 Bxd5 18. Qc3 a5 19. Kb2 Kg8 20. Nxf6+ Qxf6 21. Qxf6
Rxf6 22. Bc4 Bxc4 23. bxc4 Rfd6 24. Rxd6 Rxd6 25. Re1 Kf7 26. a3 Re6 27. Rxe6
Kxe6 28. Kc3 Ne5 29. Nxe5 Kxe5 30. Kd3 a4 31. g3 g5 32. h3 h5 33. Ke3 c6 34. f3
b6 35. Kd3 Kf5 36. Ke3 h4 37. gxh4 gxh4 38. f4 b5 39. cxb5 cxb5 40. Kd4 Kxf4 41.
Kc5 Kg3 42. Kxb5 Kxh3 43. Kxa4 Kg4 44. Kb5 h3 45. a4 h2 46. a5 h1=Q 47. Kb6 Qa8 0-1

[Event "67th ch-RUS HL w 2017"]
[Site "Sochi RUS"]
[Date "2017.07.06"]
[Round "5.19"]
[White "Samdanova, Surena"]
[Black "Nasybullina, Alfia"]
[Result "1-0"]
[BlackTitle "WFM"]
[WhiteElo "1996"]
[BlackElo "2084"]
[WhiteFideId "24136646"]
[BlackFideId "4132416"]
[EventDate "2017.07.02"]

1. e4 e6 2. d4 d5 3. e5 c5 4. c3 Qb6 5. Nf3 Nc6 6. Na3 cxd4 7. cxd4 Bb4+ 8. Bd2
Bxa3 9. bxa3 Nxd4 10. Qa4+ Nc6 11. Bd3 Ne7 12. O-O Bd7 13. Qg4 Ng6 14. Rab1 Qc7
15. Rfc1 Qb8 16. Bb5 Qd8 17. h4 f5 18. Qh5 Rc8 19. Ba4 b6 20. Ng5 Ke7 21. Ne4
Kf8 22. Bg5 Nce7 23. Rxc8 Bxc8 24. Nd6 Nxe5 25. Ne8 Nf7 26. Rc1 g6 27. Bh6+ 1-0

[Event "67th ch-RUS HL w 2017"]
[Site "Sochi RUS"]
[Date "2017.07.06"]
[Round "5.20"]
[White "Doroshenko, Diana"]
[Black "Avdeenko, Tatiana"]
[Result "1-0"]
[WhiteTitle "WIM"]
[BlackTitle "WFM"]
[WhiteElo "2228"]
[BlackElo "2123"]
[WhiteFideId "4176766"]
[BlackFideId "4177452"]
[EventDate "2017.07.02"]

1. e4 d6 2. d4 Nf6 3. Nc3 e5 4. dxe5 dxe5 5. Qxd8+ Kxd8 6. Bg5 c6 7. Bc4 Ke8 8.
Nf3 Nbd7 9. O-O-O b5 10. Bb3 Bc5 11. Bh4 h6 12. Rhe1 a5 13. a4 b4 14. Nb1 Bb6
15. Nbd2 Ba6 16. Nc4 Bxc4 17. Bxc4 Bc7 18. Re2 Ke7 19. Bg3 Ra7 20. Nh4 g6 21. f3
Bb6 22. Be1 Bc5 23. g3 Nb6 24. Bb3 Rd7 25. Bd2 Ra7 26. f4 exf4 27. gxf4 Rd8 28.
Nf3 Nfd7 29. f5 g5 30. e5 Nf8 31. Nxg5 Rxd2 32. Rexd2 Be3 33. Nxf7 Rd7 34. f6+
Ke8 35. Nd6+ Kd8 36. Kb1 Bxd2 37. Rxd2 c5 38. e6 1-0

[Event "67th ch-RUS HL w 2017"]
[Site "Sochi RUS"]
[Date "2017.07.06"]
[Round "5.22"]
[White "Garmash, Aliona"]
[Black "Vinokur, Yuliya"]
[Result "1-0"]
[BlackTitle "WFM"]
[WhiteElo "1872"]
[BlackElo "2147"]
[WhiteFideId "34127620"]
[BlackFideId "34127515"]
[EventDate "2017.07.02"]

1. d4 g6 2. Nf3 Bg7 3. c4 d6 4. Nc3 Nd7 5. e4 e5 6. Be3 Ne7 7. Be2 O-O 8. O-O c6
9. Qd2 f5 10. dxe5 dxe5 11. Bg5 Qe8 12. Qd6 fxe4 13. Bxe7 exf3 14. Bxf3 Rf7 15.
Bg5 Nb6 16. Qb4 Be6 17. Be2 Bf8 18. Qb3 Bf5 19. Bf3 Qe6 20. Be2 Bc5 21. Na4 Nxa4
22. Qxa4 Raf8 23. Bh6 Rd8 24. Rad1 Rxd1 25. Qxd1 Qf6 26. Qd2 Rd7 27. Qg5 Qf7 28.
Qg3 Bd4 29. b3 Rd8 30. Rd1 Rd7 31. h3 b6 32. Rd2 Qe8 33. Qg5 Rf7 34. Bf3 Bd7 35.
Be4 Re7 36. h4 Re6 37. Bf5 Rd6 38. Be4 Qe6 39. Qd8+ Qe8 40. Qg5 Be6 41. Rd3 Bf7
42. Rf3 Bb2 43. Rd3 Bd4 44. Rf3 Qd7 45. Rf6 Bc3 46. Rxd6 Qxd6 47. Bxc6 Qxc6 48.
Qd8+ Be8 49. Qe7 Bb4 50. Qg7# 1-0

[Event "67th ch-RUS HL w 2017"]
[Site "Sochi RUS"]
[Date "2017.07.06"]
[Round "5.23"]
[White "Gorovenko, Darya"]
[Black "Legenko, Ksenia"]
[Result "1/2-1/2"]
[WhiteTitle "WFM"]
[BlackTitle "WFM"]
[WhiteElo "2072"]
[BlackElo "2172"]
[WhiteFideId "24173800"]
[BlackFideId "4192265"]
[EventDate "2017.07.02"]

1. e4 c5 2. Nf3 e6 3. d4 cxd4 4. Nxd4 Nf6 5. Nc3 Nc6 6. Be3 d6 7. Be2 a6 8. O-O
Be7 9. f4 Qc7 10. Kh1 Nxd4 11. Bxd4 e5 12. Be3 O-O 13. f5 b5 14. a3 Bb7 15. Bf3
Qc4 16. Be2 Qc6 17. Bf3 Qc4 18. Be2 Qc6 19. Bf3 Qc4 20. Be2 1/2-1/2